000 00957nam a2200301 i 4500
001 000020467
003 DO-SdBNP
005 20250724134008.0
007 ta
008 100809s2015 dr a 000 0 spa d
020 _a9789945167115
040 _aDO-SdBNP
_bspa
_cBNPHU
_erda
041 _aspa
082 4 _axxxx
_bG216h
_222
100 1 _aGarcía Guerra, Iván,
_d1938-
_eautor
_4aut.
_9144
245 1 0 _aHablando con mi gente /
_cIván García Guerra.
250 _aPrimera edición
264 4 _aSanto Domingo :
_bEditora Búho,
_c©2015.
300 _a415 páginas :
_bilustraciones ;
_c26 cm.
336 _atexto
_btxt
_2rdacontent
337 _asin mediación
_bn
_2rdamedia
338 _avolumen
_bnc
_2rdacarrier
500 _aIncluye datos biográficos del autor en las solapas
500 _aIncluye referencias bibliográficas y notas al pie de las páginas
590 _aInventariado, 2018 /BT
910 _aBtavárez
942 _2ddc
_cLBS1
999 _c19971
_d19971